Simplified basic concepts in sociolinguistics and stylistics / (Record no. 82434)

MARC details
000 -LEADER
fixed length control field 00600nam a22002057a 4500
005 - DATE AND TIME OF LATEST TRANSACTION
control field 20140211150940.0
010 ## - LCCN (DPL NO)
LC control number ENG-109279
020 ## - INTERNATIONAL STANDARD BOOK NUMBER
International Standard Book Number 9789381433041
Terms of availability 995.00
035 ## - SYSTEM CONTROL NUMBER
System control number EN-92812
037 ## - SOURCE OF ACQUISITION
Source of stock number/acquisition DBAD/PUB
100 ## - MAIN ENTRY--PERSONAL NAME
Personal name Sawant, N.R.
245 ## - TITLE STATEMENT
Title Simplified basic concepts in sociolinguistics and stylistics /
Statement of responsibility, etc by N.R. Sawant
250 ## - EDITION STATEMENT
Edition statement
260 ## - PUBLICATION, DISTRIBUTION, ETC. (IMPRINT)
Place of publication, distribution, etc Jaipur
Name of publisher, distributor, etc Shruti Publications
Date of publication, distribution, etc 2013
270 ## - ADDRESS
Address 50- Ka-6, Jyoti Nagar
City Jaipur
Postal code 302005
300 ## - PHYSICAL DESCRIPTION
Extent xiii,159p.
Dimensions 22cm(Hb)
500 ## - GENERAL NOTE
General note Includes bibliographical references
700 ## - ADDED ENTRY--PERSONAL NAME
Personal name Rathod, Devidas G.
942 ## - ADDED ENTRY ELEMENTS (KOHA)
Source of classification or shelving scheme Dewey Decimal Classification
Item type English Books
Call number suffix SAW
Holdings
Withdrawn status Lost status Not for loan Collection code Home library Current library Date acquired Source of acquisition Cost, normal purchase price Full call number Barcode Copy number Cost, replacement price Koha item type
    Not For Loan Non-fiction D.B.Act.Division D.B.Act.Division 11/02/2014 DBAD / PUB 600.00 SAW EN-92812 1 600.00 English Books

© Delhi Public Library
Hit Counter
free hit counter